=LDR 00000nam 2200000 4500 =001 INLIS000000001052323 =005 20240823013003 =035 ##$$a 0010-0824000141 =007 ta =008 240823################g##########0#ind## =020 ##$$a 978-979-22-6044-1 =082 ##$$a 813.087 =084 ##$$a 813.087 ATK g =100 #$$a Atkinson, Eleanor =245 1#$$a Greyfriars Bobby /$c Eleanor Atkinson =260 ##$$a Jakarta :$b Gramedia,$c 2010 =300 ##$$a 277 hlm ; $c 20 cm =990 ##$$a 17091709 =990 ##$$a 00092802